| 000 | 00575cam a22001935a 4500 | ||
|---|---|---|---|
| 001 | L129736 | ||
| 008 | 050516s1849 xxk 000 0 eng u | ||
| 035 | _a(Sirsi) u129736 | ||
| 041 | _aeng | ||
| 100 |
_aGibbons, David _d1811-1876 |
||
| 245 | 0 | 2 | _aA treatise on the law of dilapidations and nuisances |
| 250 | _a2nd ed., with considerable additions | ||
| 260 |
_aLondon _bJohn Weale _c1849 |
||
| 300 |
_axl, 424p. _c24cm. |
||
| 583 |
_aCondition reviewed _c20120620 _lcondition level 4 |
||
| 651 | 4 |
_aGreat Britain _y1707- |
|
| 690 |
_aDilapidations _96235 |
||
| 942 | _n0 | ||
| 999 |
_c104272 _d104272 |
||